Diseño de conexiones soldadas por método LRFD, utilizando perfiles tubulares rectangulares solicitados a cargas estáticas.
Presenta el diseño de conexiones soldadas por método LRFD, utilizando perfiles tubulares rectangulares solicitados a cargas estáticas en el cual se presentan en detalle los procedimientos y recomendaciones de diseño de conexiones soldadas óptimas y los factores que influyen en la eficiencia de...
| Main Author: | |
|---|---|
| Other Authors: | |
| Format: | Tesis Section = Libro |
| Language: | Undetermined Spanish |
| Published: |
Managua
UNI
2014
|
| Subjects: |
| LEADER | 01192nam a2200265Ia 4500 | ||
|---|---|---|---|
| 008 | 240830s9999 xx 000 0 und d | ||
| 040 | |a BIBLIOTECA-RUPAP Mon 624.1821 R349 | ||
| 041 | |a spa | ||
| 082 | |a Mon 624.1821 R349 | ||
| 100 | 1 | |a Reichel Bermúdez, Rainer Ernst | |
| 245 | 1 | 0 | |a Diseño de conexiones soldadas por método LRFD, utilizando perfiles tubulares rectangulares solicitados a cargas estáticas. |
| 260 | |a Managua |b UNI |c 2014 | ||
| 300 | |a 185 p. :il. | ||
| 500 | |a Contiene: anexos. | ||
| 502 | |a Tesis (Ingeniero Civil)- UNI, 2014. | ||
| 520 | 3 | |a Presenta el diseño de conexiones soldadas por método LRFD, utilizando perfiles tubulares rectangulares solicitados a cargas estáticas en el cual se presentan en detalle los procedimientos y recomendaciones de diseño de conexiones soldadas óptimas y los factores que influyen en la eficiencia de las conexiones. | |
| 650 | 7 | |a DISEÑO DE ESTRUCTURAS DE ACERO | |
| 650 | 7 | |b INGENIERIA ESTRUCTURAL | |
| 650 | 7 | |c CONEXIONES SOLDADAS - METODO LFRD | |
| 650 | 7 | |d CARGAS ESTATICAS | |
| 650 | 7 | |e CONEXIONES TUBULARES | |
| 700 | 1 | |a Tutor: |b Padilla Larios, Luis Manuel | |
| 942 | |c BK |2 ddc | ||
| 991 | |a TESIS | ||
| 999 | |c 15894 | ||